000
00278nam a22001217a 4500
041
_a
ENG
100
_a
Joshi.S.S
245
_a
Arthashastrachi Multatve
260
_a
Pune
_b
Nirali Prakashan
_c
1997
300
_a
185
650
_a
Competitive Exam
856
_u
Competitive Exam ( 35 )
999
_c
966
_d
966